The cult of Ra : sun-worship in ancient Egypt /

محفوظ في:

المؤلف الرئيسي: Quirke, Stephen (مؤلف)

التنسيق: كتاب

اللغة: English

منشور في: London : Thames & Hudson, 2001.

الموضوعات:

الوسوم: إضافة وسم

لا توجد وسوم, كن أول من يضع وسما على هذه التسجيلة!

رقم الطلب: BL2450 .R2 Q57 2001

LEADER 01341namaa2200301 4500
001 1898
003 OSt
005 20240718082645.0
008 130303s2001 enkab b 001 0 eng d
952 |0 0  |1 0  |2 lcc  |4 0  |6 BL2450 R2 Q57 02001  |7 1  |9 3196  |a ARCE  |b ARCE  |d 2020-06-18  |l 0  |o BL2450 .R2 Q57 2001  |p 1014403  |r 2020-06-18 00:00:00  |w 2020-06-18  |y BK 
999 |c 5758  |d 5758 
015 |a GBA1-X4826 
020 |a 0500051070 
035 |a 2153928 
035 |a ocolorc47062966 
040 |c ARCE Library 
043 |a f-ua---  
050 4 |a BL2450 .R2 Q57 2001 
100 1 |a Quirke, Stephen,  |e author  |9 38025 
245 1 4 |a The cult of Ra :  |b sun-worship in ancient Egypt /  |c Stephen Quirke. 
264 1 |a London :  |b Thames & Hudson,  |c 2001. 
300 |a 184 pages :  |b illustrations, maps ;  |c 25 cm. 
504 |a Includes bibliographical references and index. 
505 0 |a  Preface Introduction: Cosmic Kingship--the Bronze Age as the Age of Ra Chapter 1. The Mythology of Ra Chapter 2. The Sun Cult and the Measurement of Time Chapter 3. Iunu--Lost City of Ra-Atum Chapter 4. Solar Spires--Pyramids and Obelisks Chapter 5. The Exclusive Son--Akhenaten Epilogue Bibliography Sources of Illustrations Index  
650 0 |a Ra (Egyptian deity)  |9 2977 
651 0 |a Egypt  |x Religion. 
901 |a reviewed 
942 |c BK  |2 lcc